000
00259nam a22001097a 4500
082
_a
332.45 MCM
100
_a
Mcmahon, Christopher
245
_a
Sterling in the Sixties
260
_a
London
_b
Oxford university
_c
1964
300
_a
vi, 118p.
_b
11cm.
942
_c
BK
999
_c
14947
_d
14947